MDQL
is popping MORE tags! Check the
thread
!
Quizzes
Events
Quiz Creation
Community
Videos
Private Events
Remove Ads
Sign In
Join for FREE
Feedback
Dark Mode
Quiz Categories
Sports
Geography
Music
Movies
Television
Just For Fun
Miscellaneous
History
Literature
Language
Science
Gaming
Entertainment
Religion
Holiday
For Kids
Quiz Lab
Recent
Popular Today
Quiz Kudos Today
Editor Picks
Curator Picks
Quizzes by...
Day
Popularity
Type
Ratings
Length
Year
Community
Subscriptions
Recent Discussions
Orange Saloon
Badges
Playlists
Quests
Create
Leaderboards
Showdown
Live 5
Trivia Bingo
Activity
Puzzle Library
Sporcle Events
Private Events
Virtual Trivia
Globe League
Become a Host
Pub Owners
SporcleCon
Opinionation
Our Games
Videos
Blog
Mobile Apps
Partnerships
Remove Ads and Go Orange
Feedback
History
US Presidents
World Leaders
Politics
Nation
Discovery
War
Decade
Year
Century
Biography
Art
History
US Presidents
World Leaders
Politics
Nation
Discovery
War
Decade
Year
Century
Biography
Art
Random Quiz
Search Sporcle
×
Quiz Lab
Quiz Lab
History
Nation
Select answers by clicking on text or image buttons
Select answers by clicking on text or image buttons
Clickable
Best Score? Go Orange.
Empires' Timespans Stats
Can You Pick the Timespan of Each Empire?
By
Nate_the_Great
4m
25 Questions
29 Plays
29 Plays
29 Plays
Comments
Comments
Give Quiz Kudos
Give Quiz Kudos
-
- Ratings
hide this ad
Forced Order
Answers have to be entered in order
Answers have to be entered in order
Replay
Link that replays current quiz
Next Quiz
Link to next quiz in quiz playlist
You Got
0%
They Got
Avg Score
26%
Avg Friend Score
Upgrade to see
Score Distribution
Jump to the score distribution portion of the page
Score
0/25
Timer
04:00
0
Plays Today
% Correct
A.D. 1922 - 1991
69%
27 B.C. - A.D.1453
58.6%
A.D. 800 - 1806
41.4%
A.D. 1867 - 1918
34.5%
359 - 323 B.C.
27.6%
A.D. 1299 - 1923
27.6%
A.D. 481 - 843
27.6%
A.D. 1270 - 1974
27.6%
A.D. 1492 - 1976
27.6%
A.D. 1602 - 1975
27.6%
A.D. 1206 - 1368
24.1%
1550-1069 B.C.
24.1%
A.D. 1721 - 1917
24.1%
% Correct
A.D. 1415 - 1999
24.1%
A.D. 1438 - 1533
24.1%
550 - 330 B.C.
20.7%
206 B.C. - A.D. 220
20.7%
620 - 539 B.C.
17.2%
1600 - 1179 B.C.
17.2%
A.D. 650 - 1377
17.2%
A.D. 1037 - 1194
17.2%
650 - 146 B.C.
13.8%
322 - 185 B.C.
13.8%
A.D. 1428 - 1521
13.8%
A.D. 1235 - 1670
13.8%
Quiz Playlist
Details
Report
Send in Message
Add To Playlist
Clickable:
Select answers by clicking on text or image buttons
Forced Order:
Answers have to be entered in order
Last Updated: May 13, 2020
Quiz Scoreboard
CHALLENGE
Sign Up to Join the Scoreboard
Show All
Scores
Hide
Comments
May contain spoilers
Recently Published
1-10 Letter E Words III
by El_Dandy
Language
2m
Street Fighter Characters
by Artimus82
Gaming
60s
College Basketball Coaching Resumes
by pancakes188
Sports
9m
More to Explore
Quiz From the Vault
Featured Blog Post
Where Did the Easter Bunny Come From?
hide this ad
You Might Also Like...
Tags
Clickable Quiz
Nation Quiz
Year Quiz
date
empire
length
Mongol Empire
Roman
Today's Top Quizzes in History
Browse History
hide this ad
Today's Top Quizzes in Nation
Browse Nation
Top Contributed Quizzes in History
1
Popular People in 1991
2
Popular People in 1981
3
Popular People in 1951
4
Popular People in 1941
5
Popular People in 1986
6
Popular People in 1976
7
Popular People in 1921
8
5-to-1: 20th Century Images of War
9
I Am Born On March 28th
10
Popular People in 1946
Explore More
Trending Topics
Marvel
Disney
Anime
Harry Potter
Kpop
NBA
Crossword
WWE
Country
NFL
The Office
Pokémon
Song
Soccer
Puzzle
hide this ad
More By:
Nate_the_Great
Quiz
Plays
Rating
Category
Featured
Created
Battles WWI or WWII
2,645
4.42
History
Feb 19, 2013
Who Did it: Marvel Phase 1
1,576
5.00
Movies
Sep 14, 2020
Revolutionary War Battles' Victors
651
4.67
History
Mar 18, 2014
The False Prince Trivia
646
4.67
Literature
Mar 2, 2013
Commanders of Famous Battles
593
4.00
History
Feb 18, 2013
Go to Creator's Profile
Score Distribution
Quiz Creator Spotlight
Nate_the_Great
Follow
Send a Message
Quizzes Created
-
Created Quiz Play Count
-
More By This Creator
Popular Quizzes Today
1
Find the US States - No Outlines Minefield
2
Find the Countries of Europe - No Outlines Minefield
3
The Countries of the World
4
Find the US States
5
Risky Map Clicking: Biggest States A-Z
6
US States
7
Popular People in 1961
8
Movies - When Are They Set?
More History Quizzes
'E' in History
Published
Trending Quizzes
Risky Map Clicking: Least Populous States A-Z
USA Borders Longest to Shortest
1-10 Letter G Words
1-10 Letter F Words
Countries of the World: 200 Million BC
Recently Updated
Leaping Animals
pecheneg
Reality TV Shows (A-Z)
bhenderson79
Rickey Henderson's Hall of Fame Teammates
pecheneg
Champions League XIs: Arsenal
pecheneg
Quick Pick: Celebrities in WWE's Hall of Fame
aduchscher
A-Z Keypad Blitz II
pecheneg
Multiple Oscar Actors
pecheneg
Mystery Phrase Blitz: Oscar 'Best Actors'
pecheneg
F. Scott Fitzgerald Novels
LTH
Pick 3 Villains
ddd62291
Trending Topics
Crossword
Kpop
Anime
Harry Potter
NBA
Disney
Marvel
Pokémon
NFL
WWE
Soccer
Song
Puzzle
The Office
Country
Your Account Isn't Verified!
In order to create a playlist on Sporcle, you need to verify the email address you used during registration. Go to your
Sporcle Settings
to finish the process.
Report this User
Report this user for behavior that violates our
Community Guidelines
.
Details:
Send Report
Go to the Sporcle.com Mobile Site →
Comments